000 00215 a2200097 4500
001 8187
100 _aHoughton, E L
245 _aAerodynamics for Engineering Student
260 _a
_bArnold
_c
090 _c6575
_d6575
942 _aNUST-CAE
_cM
_c33128
999 _c243260
_d243260